| 000 | 00506nam a2200157 a 4500 | ||
|---|---|---|---|
| 001 | 000043005 | ||
| 005 | 20201002040551.0 | ||
| 008 | 140217s1983 nyuab 001 0 spa d | ||
| 020 | _a0316545031 | ||
| 040 |
_aDO-SdBNP _bspa _cBNPHU |
||
| 082 |
_axxxx _bxxxx |
||
| 100 | 1 |
_aManchester, William, _d1922-2004. _970525 |
|
| 245 | 1 | 0 |
_aThe last lion : _bWinston Spencer Churchill ; Alone1932-1940 / _cWilliam Manchester. |
| 260 |
_aBoston : _bLittle, Brown, _c1983. |
||
| 300 |
_axxvi, 756 p. : _bill., maps ; _c25 cm. |
||
| 999 |
_c42494 _d42494 |
||